Plants vs. Zombies 2: Zombies - Statistics

General Stats
  • This quiz has been taken 43 times
    42 since last reset
  • The average score is 29 of 72
Answer Stats
Ancient Egypt % Correct
Ra Zombie
91%
Imp
83%
Conehead Zombie
77%
Browncoat Zombie
74%
Buckethead Zombie
74%
Gargantuar
74%
Explorer Zombie
71%
Zombie Bull
66%
Newspaper Zombie
60%
All-Star Zombie
57%
Surfer Zombie
57%
Jetpack Zombie
54%
Seagull Zombie
54%
Swashbuckler Zombie
54%
Wizard Zombie
54%
Chicken Wrangler Zombie
51%
Fisherman Zombie
51%
King Zombie
51%
Knight Zombie
51%
Octo Zombie
51%
Zombie Parrot
51%
Camel Zombies
49%
Ice Weasel
49%
Prospector Zombie
49%
Punk Zombie
49%
Barrel Roller Zombie
46%
Flag Zombie
46%
Imp Cannon
46%
Arcade Zombie
43%
Hunter Zombie
43%
Jester Zombie
43%
Jurassic Bully
43%
Pianist Zombie
43%
Poncho Zombie
43%
Tomb Raiser Zombie
43%
Balloon Zombie
40%
Breakdancer Zombie
40%
Bug Zombie
40%
Excavator Zombie
40%
Parasol Zombie
40%
Shield Zombie
40%
Brickhead Zombie
37%
Pharoah Zombie
37%
Zombie Chicken
37%
Discotron-3000
34%
Dodo Rider Zombie
34%
Glitter Zombie
34%
Pirate Captain Zombie
34%
Boombox Zombie
31%
MC Zom-B
31%
Pelican Zombie
31%
Snorkel Zombie
31%
Blockhead Zombie
26%
Jurassic Rockpuncher
26%
Troglobite
26%
Turquoise Skull Zombie
26%
Jurassic Fossilhead
23%
Super Fan Imp
23%
Weasel Horder Zombie
23%
Mecha Football Zombie
20%
Rally Zombie
20%
Torchlight Zombie
20%
Hair Metal Gargantuar
17%
Relic Hunter Zombie
17%
Robo-Cone Zombie
17%
Rodeo Legend Zombie
17%
Jurassic Gargantuar
14%
Jurassic Imp
14%
Sloth Gargantuar
14%
Bug Bot Imp
11%
Gargantuar Prime
11%
Blastronaut
9%
No matching quizzes found
Score Distribution
Percent of People with Each Score
Percentile by Number Answered
Your Score History
You have not taken this quiz since the last reset